Ernesto maltravers : tomo 2 /
Guardado en:
| Autor Principal: | |
|---|---|
| Formato: | Libro |
| Publicado: |
Buenos Aires :
La Naci¢n,
1914
|
| Materias: | |
| Etiquetas: |
Agregar Etiqueta
Sin Etiquetas, Sea el primero en etiquetar este registro!
|
| LEADER | 00488nam a22001815a 4500 | ||
|---|---|---|---|
| 001 | CEM.cems004002 | ||
| 005 | 20060216000000.0 | ||
| 008 | 130507s1914##################000#0#####d | ||
| 003 | CEMS | ||
| 082 | 0 | 4 | |a 823.7 |
| 100 | 1 | |a Lytton, E. Bulwer | |
| 245 | 1 | 0 | |a Ernesto maltravers : |b tomo 2 / |
| 260 | |a Buenos Aires : |b La Naci¢n, |c 1914 | ||
| 300 | |a 304 p. | ||
| 653 | |a Literatura | ||
| 653 | |a Novela inglesa | ||
| 653 | |a Novelas | ||
| 859 | |a CEMS |b BIB. CEMS - 11 de abril |h 823.7 |i L990/II |p 10145.81 |t Ej.1 | ||
